Muž uprostred

Bibliographic Details
Main Author: Sulík, Ivan, 1943-2021 (Author)
Format: Article
Language:Slovak
ISSN:0862-5999
Subjects:

MARC

LEADER 00000nab a2200000 a 4500
001 vtls000572464
003 SK-MaSNL
005 20260304002938.0
008 140422c1996 xo 0 slo
015 |a SNBRB19rr/mm-uuuuu 
035 |a CL0572602 
040 |a SNKBUCL  |b slo  |c SNKBUCL  |e AACR2 
041 0 |a slo 
044 |a xo  |c SK 
080 |a 82.09:820 (569.4)-3(048)  |2 1981 
080 |a 820 (569.4)-3(048)  |2 1981 
080 |a 82.09:892.45-3(048)  |2 1981 
100 1 |a Sulík, Ivan,  |d 1943-2021  |4 aut  |9 223328 
245 1 0 |a Muž uprostred  |c Ivan Sulík 
650 0 7 |a izraelské romány  |2 snkbucl  |9 1053820 
650 0 7 |a hebrejské romány  |2 snkbucl  |9 1280923 
655 7 |a recenzie  |2 snkbucl  |9 21907 
655 7 |a články z odboru literárna veda a krásna literatúra  |2 snkbucl  |9 770045 
655 7 |a články z novín a časopisov  |2 snkbucl  |9 267496 
773 0 |t Literárny týždenník  |g Roč. 9, č. 2 (1996), s. 13  |x 0862-5999 
787 0 8 |i Rec.:  |a Oz, Amos  |t Poznať ženu  |d Bratislava : Slovenský spisovateľ, 1995 
850 |a Slovenská národná knižnica v Martine  |a MTA001 
852 |a SNK  |b KIS3GCP 
958 |a RK 
958 |a LX 
958 |a IL 
999 |c 2544591  |d 2546521